01342cam a22004094i 4500003000900000005001700009008004100026035001900067040003300086082002300119100004400142245007200186264004600258300002700304336002100331337002500352338002300377504002800400505022800428526000900656526000900665526000900674526000900683526000900692526000900701526000800710526000800718526000800726526000800734526000800742526000800750600004000758600003600798600003000834600003800864650003000902PE-LiUPU20250731184523.0150617s r 000 0 d a(Sirsi) a18795 aPE-LiUPUbspacPE-LiUPUerda04a985.09034bA342211 aAlbornoz, Santiago E.,d1963- ,eautor.10aReivindicatorio para la historia del Perú /cSantigo E. Albornoz. 1aBuenos Aires :bCagnasso y Cía.,c1960. a285 páginas ;c22 cm atext2rdacontent aunmediated2rdamedia avolume2rdacarrier aIncluye bibliografía.0 aTrayectoria del soldado peruano -- Peruanos en la independencia de Chile -- Congreso de historia latino-americana -- Peruanos en la independencia argentina -- Gran mariscal Toribio de Luzuriaga -- Doctor José Darregueyra. aP136 aP135 aP134 aP133 aP144 aP143 aP87 aP35 aP20 aP14 aP10 aP061 aAlvarez Thomas, Ignacio.d1787-18571 aDarregueyra, José.d1775-18171 aEgaña, Juan.d1769-18361 aLuzuriaga, Toribio de.d1782-184204aPerúxHistoria militar.